| 000 | 00852nab a2200253 4500 | ||
|---|---|---|---|
| 003 | BR-BrBNA | ||
| 005 | 20240414133806.0 | ||
| 008 | 240414b bl.||||| |||| 00| 0 por d | ||
| 040 |
_aBR-BrBNA _bpor |
||
| 072 |
_aK10 ; E71 _b3285 |
||
| 100 | _aEncinas, José Imaña | ||
| 245 |
_aTectona grandis, espécie de alto valor comercial _bNota Técnica |
||
| 500 | _a4 ref.; 2 tables | ||
| 650 | _aTECTONA GRANDIS | ||
| 650 | _aTECA | ||
| 650 | _aÁRVORE ANGIOSPERMA | ||
| 650 | _aPRODUÇÃO FLORESTAL | ||
| 650 | _aMADEIRA | ||
| 650 | _aCOMÉRCIO EXTERIOR | ||
| 650 | _aEXPORTAÇÃO | ||
| 773 | 0 |
_01357 _925377 _dBrasília-DF Instituto Brasileiro de Desenvolvimento Florestal 1970 _o2023-435947 _tBrasil Florestal (Brazil) _x0045-270X _gv. 23(80) p. 67-69; (Aug 2004) _wBR2024000558 |
|
| 942 | _cAnalítica | ||
| 999 |
_c299170 _d299170 |
||